| 000 | 01002cam a22001814a 4500 | ||
|---|---|---|---|
| 005 | 20250605164204.0 | ||
| 008 | 250528s ||||||||||||||||||||||||d | ||
| 035 | _a19829 | ||
| 040 |
_aGR-AtMCL _bgre _dGR-AtMCL _eAACR2 |
||
| 245 | 1 | _aΣυγχρονή Διοικητική Διανομής / Σημειώσεις | |
| 260 |
_bΟικονομικό Πανεπιστήμιο Αθηνών, _c2000 |
||
| 300 | _a158 | ||
| 520 | _aΤμήμα Οργάνωσης και Διοίκησης Επιχειρήσεων. Εισαγωγή, Αντικείμενο και Βασικές Έννοιες του Σχεδιασμού του Δικτύου Διάθεσης, Έννοια και Μελλοντική Εξέλιξη του Εμπορίου, Λιανεμπόριο, Χονδρεμπόριο, Δίκτυα Διάθεσης και Φυσική Διανομή, Βιβλιογραφία. | ||
| 700 | 1 |
_aΠαπαβασιλειος Νικόλαος Κ _95998 |
|
| 942 | _cBK | ||
| 999 |
_c5076 _d5076 |
||